000 00923nam a2200265Ia 4500
003 OSt
005 20220925191330.0
006 a|||||r|||| 00| 0
007 ta
008 220923b |||||||| |||| 00| 0 eng d
037 _cGeneral Book
040 _aRTL
_cRTL
_beng
041 _2eng
_aeng
082 _aX:271-8F.2.N9, N3
100 _aParikh Kirit S, and others
_9241614
245 0 _aNatural resource accounting
_b A framework for India
260 _aBombay
_bI G I D R
_c1993
300 _a112p
_ccm.
490 _aIndia, Environment and Forest (M/o), Publication. United Nations Development Programme, Publication. Indira Gandhi Institute of Development Research, Publication
500 _aBibliography: P 110-112
650 _a Economics
650 _aNatural Resources
_9233925
942 _hX:271-8F.2.N9, N3
_cGB
_2CC
999 _c518053
_d518053